000 01110nam0a22002891 4500
001 rc\4583848
005 20260407121921.0
021 _aRU
_b[68-86131]
035 _a(NLR Aleph) 008657642
090 _a9041278
_c9041278
100 _a20130416d1968 |||y0rusy50 ca
101 0 _arus
102 _aRU
105 _aa z |||||
200 1 _aБрянский Дормаш
210 _aТула
_cПриок. кн. изд-во
_d1968
215 _a36 с.
_cил.
_d20
225 1 _aЗнаменосцы великого пятидесятилетия
606 _aЗаводы дорожного машиностроения
_yБрянск
_xИстория
_2psbo
700 1 _7ca
_8rus
_aМельников
_bН. М.
_cписатель
_f1924-1973
_gНиколай Михайлович
_9255309
_3RU\NLR\AUTH\770255365
712 0 2 _aБрянский завод дорожных машин им. 50-летия Великого Октября
_9643196
_3RU\NLR\AUTH\8810070725
801 0 _aRU
_bNLR
_gpsbo
801 1 _aRU
_bELAR
_2rusmarc
852 _aNLR
_j68-4/23078
942 _cBOOK
980 _aNB